00398nam a22001457a 4500003000400000005001700004008004100021020001800062040000900080082001500089100002000104245008800124250001200212260002800224OSt20210224120131.0210224b ||||| |||| 00| 0 eng d a9789332543751 coclc a512bMIS/F aMishra, Sanjay  aFundamentals of Mathematics For JEE Main and Advanced :bAlgebra 1 /cSanjay Mishra a2nd Ed. aDelhi:bPearson,c2015.